| 000 | 01042nam a2200277 a 4500 | ||
|---|---|---|---|
| 001 | 6674 | ||
| 003 | UkOxU | ||
| 005 | 20211208234305.0 | ||
| 008 | 110114s1964 wb 001 0 ger d | ||
| 035 | _aCURL 05kc00009639(Lon) from wsc189 | ||
| 040 |
_aBD-RjUL _beng _cBD-RjUL |
||
| 041 | _aeng | ||
| 082 |
_a515 _bHUV 1964 |
||
| 100 | 1 |
_aHurwitz, Adolf, _d1859-1919. _920976 |
|
| 245 | 1 | 0 |
_aVorlesungen über allgemeine Funktionentheorie und elliptische Funktionen / _cvon Adolf Hurwitz ; herausgegeben und ergänzt durch einen Abschnitt über Geometrische Funktionentheorie von R. Courant ; mit einem anhang von H. Röhl |
| 250 | _a4th ed. | ||
| 260 |
_aBerlin : _bSpringer-Verlag, _c1964 |
||
| 300 |
_axiii, 706 p. ; _c24 cm |
||
| 490 | 1 |
_aGrundlehren der mathematischen Wissenschaften ; _vBd.3 |
|
| 650 | 0 |
_aElliptic functions _920977 |
|
| 700 | 1 |
_aCourant, Richard, _d1888-1972. _920979 |
|
| 700 | 1 |
_aRöhrl, H. _920980 |
|
| 830 | 0 |
_vBd.3 _9154788 |
|
| 830 | 0 |
_aGrundlehren der mathematischen Wissenschaften ; _9154789 |
|
| 942 |
_2ddc _cBK |
||
| 999 |
_c6674 _d6674 |
||